| 000 | 00403cam a2200181ua 4500 | ||
|---|---|---|---|
| 001 | 3177 | ||
| 008 | 131130n1986 II |||gr||||Z||||||asm | ||
| 040 | _aMAIN | ||
| 041 | _aEnglish | ||
| 082 | _a491.4509 GOG | ||
| 100 | _aGOGOI, LILA. | ||
| 245 | _aASOMOR SANSKRITI | ||
| 250 | _a2ND. | ||
| 260 |
_aGUWAHATI _bBINA LIBRARY _c1986 |
||
| 300 |
_a300: _c20CM. |
||
| 653 | _aAsamar Sanskriti | ||
| 942 | _cBK | ||
| 999 |
_c3165 _d3165 |
||